|
|
|
|
| LEADER |
00000nam2a2200000 4500 |
| 001 |
286861 |
| 005 |
20231101235931.0 |
| 035 |
|
|
|a (RuTPU)RU\TPU\book\311214
|
| 035 |
|
|
|a RU\TPU\book\311210
|
| 090 |
|
|
|a 286861
|
| 100 |
|
|
|a 20150310d1958 km y0rusy50 ca
|
| 101 |
0 |
|
|a rus
|
| 102 |
|
|
|a RU
|
| 105 |
|
|
|a y z 011zy
|
| 200 |
0 |
|
|a Т. 4: 1953-1957 годы
|
| 210 |
|
|
|d 1958
|
| 215 |
|
|
|a 864 с.
|
| 300 |
|
|
|a К сорокалетию Советской власти
|
| 316 |
|
|
|5 63413507: М-133498
|a На титульном листе владельческая подпись: "Бутаков"
|
| 317 |
|
|
|5 63413507: М-133498
|a Поступила в НТБ в 1970 г. в составе книжного собрания профессора ТПИ И. Н. Бутакова
|
| 320 |
|
|
|a Тематический указатель: с. 825-844
|
| 320 |
|
|
|a Алфавитно-предметный указатель: с. 845-857
|
| 461 |
|
1 |
|0 (RuTPU)RU\TPU\book\311183
|t Директивы КПСС и Советского правительства по хозяйственным вопросам. 1917-1957 годы
|o сборник документов
|o в 4 т.
|f сост. В. Н. Малин, А. В. Коробов
|v Т. 4: 1953-1957 годы
|d 1957-1958
|
| 606 |
1 |
|
|a КПСС
|x Документы и материалы
|2 stltpush
|3 (RuTPU)RU\TPU\subj\14906
|9 41226
|
| 610 |
1 |
|
|a Советское правительство
|
| 610 |
1 |
|
|a директивы
|
| 610 |
1 |
|
|a хозяйственные вопросы
|
| 610 |
1 |
|
|a владельческая надпись
|
| 610 |
1 |
|
|a библиотека И. Н. Бутакова
|
| 686 |
|
|
|a Ф61(2)2.011.1
|v LBC/SL-A
|2 rubbk
|
| 801 |
|
1 |
|a RU
|b 63413507
|c 20150310
|
| 801 |
|
2 |
|a RU
|b 63413507
|c 20190918
|g RCR
|
| 942 |
|
|
|c BK
|